Pirate latitudes : (Record no. 3780)

MARC details
000 -LEADER
fixed length control field 00895cam a2200277 4500
001 - CONTROL NUMBER
control field 4560
005 - DATE AND TIME OF LATEST TRANSACTION
control field 20181127173649.0
008 - FIXED-LENGTH DATA ELEMENTS--GENERAL INFORMATION
fixed length control field 091130s2009 nyu 000 1 eng
010 ## - LIBRARY OF CONGRESS CONTROL NUMBER
LC control number 2009049965
020 ## - INTERNATIONAL STANDARD BOOK NUMBER
International Standard Book Number 9780061929373
043 ## - GEOGRAPHIC AREA CODE
Geographic area code nwjm---
-- cc-----
100 1# - MAIN ENTRY--PERSONAL NAME
Personal name Crichton, Michael,
Dates associated with a name 1942-2008.
245 10 - TITLE STATEMENT
Title Pirate latitudes :
Remainder of title a novel /
Statement of responsibility, etc. Michael Crichton.
250 ## - EDITION STATEMENT
Edition statement 1st ed.
260 ## - PUBLICATION, DISTRIBUTION, ETC.
Place of publication, distribution, etc. New York :
Name of publisher, distributor, etc. Harper,
Date of publication, distribution, etc. 2009.
300 ## - PHYSICAL DESCRIPTION
Extent 400 p. ;
Dimensions 24 cm.
520 ## - SUMMARY, ETC.
Summary, etc. ""Michael Crichton presents a story about pirates in the New World""--Provided by publisher.
650 #0 - SUBJECT ADDED ENTRY--TOPICAL TERM
Topical term or geographic name entry element Naval history, Modern
Chronological subdivision 17th century
Form subdivision Fiction.
Topical term or geographic name entry element Pirates
Form subdivision Fiction.
Topical term or geographic name entry element Ship captains
Form subdivision Fiction.
651 #0 - SUBJECT ADDED ENTRY--GEOGRAPHIC NAME
Geographic name Caribbean Area
Form subdivision Fiction.
Geographic name Jamaica
Form subdivision Fiction.
655 #7 - INDEX TERM--GENRE/FORM
Genre/form data or focus term Adventure fiction.
Source of term gsafd
Genre/form data or focus term Sea stories.
Source of term gsafd
Holdings
Withdrawn status Lost status Source of classification or shelving scheme Damaged status Not for loan Collection code Home library Current library Shelving location Date acquired Serial Enumeration / chronology Inventory number Total Checkouts Total Renewals Full call number Barcode Date last seen Date last checked out Price effective from Koha item type
    Dewey Decimal Classification     Fiction RTC Library RTC Library Fiction 07/04/2022 7272 1 2 FIC 813.54 CRI 30007417 03/01/2022 13/03/2019 27/11/2018 Fiction
Royal Thimphu College || All Right Reserved